Metodologické požiadavky na hospodársku politiku v podmienkach poznatkového hospodárstva
Prezentácia, ktorá sa konala počas medzinárodnej vedeckej konferencie Znalostná ekonomika - nové výzvy pre národohospodársku vedu v októbri 2006. Vymedzenie poznatkovej spoločnosti. Hospodárstvo poznatkovej spoločnosti. Politika hospodárstva poznatkovej spoločnosti.
Salvato in:
| Autore principale: | |
|---|---|
| Natura: | Capitolo di libro |
| Lingua: | slovacco |
| Soggetti: | |
| Tags: |
Nessun Tag, puoi essere il primo ad aggiungerne!!
|
MARC
| LEADER | 00000nla$a2200000$$$4500 | ||
|---|---|---|---|
| 001 | 0058565 | ||
| 005 | 20240502071644.9 | ||
| 041 | 0 | |a slo | |
| 044 | |a SK | ||
| 245 | 1 | 0 | |a Metodologické požiadavky na hospodársku politiku v podmienkach poznatkového hospodárstva |c Vladimír Choluj |
| 520 | |a Prezentácia, ktorá sa konala počas medzinárodnej vedeckej konferencie Znalostná ekonomika - nové výzvy pre národohospodársku vedu v októbri 2006. Vymedzenie poznatkovej spoločnosti. Hospodárstvo poznatkovej spoločnosti. Politika hospodárstva poznatkovej spoločnosti. | ||
| 610 | 2 | 0 | |a prostriedky hospodárske |
| 610 | 2 | 0 | |a politika hospodárska |
| 610 | 2 | 0 | |a hospodárstvo národné |
| 610 | 2 | 0 | |a ekonomika vedomostná |
| 610 | 2 | 0 | |a spoločnosť vedomostná |
| 100 | 1 | |a Choluj, Vladimír | |